000 00874nam a2200229 a 4500
001 000007986
005 20260219105723.0
008 090914s2006 dr a r 000 0 spa d
020 _a8495193256
040 _aDO-SdBNP
082 _a371.2
_bA816c
245 0 0 _aAseguramiento de la calidad en la educación superior a distancia /
_cintroducción Ángel Hernández.
260 _aSanto Domingo :
_bUniversidad Abierta para Adultos,
_c2006.
300 _a173 p. :
_bil. ;
_c22 cm.
490 1 _aAutoaprendizaje
504 _aIncluye referencias bibliográficas y notas al pie de la páginas
650 4 _aCalidad de la educacion
_zRepública Dominicana
_9741
650 0 _aEducación superior
_zRepública Dominicana
_9730
650 4 _aUniversidad a distancia
_zRepública Dominicana
_921832
700 1 _aHernández, Ángel,
_eintr.
_911092
830 0 _aAutoaprendizaje
_91208
999 _c7763
_d7763